[Event "Hallstahammar op"]
[Site "Hallstahammar"]
[Date "2003.09.12"]
[Round "3"]
[White "Borg, Mats"]
[Black "Hedlund, Carl"]
[Result "1-0"]
[WhiteElo "1982"]
[BlackElo "1741"]
[PlyCount "45"]
[EventDate "2003.09.12"]
[EventType "swiss"]
[EventRounds "7"]
[EventCountry "SWE"]
[SourceTitle "CBM 096 Extra"]
[Source "ChessBase"]
[SourceDate "2003.10.22"]
[SourceVersion "2"]
[SourceVersionDate "2003.10.20"]
[SourceQuality "1"]

1. d4 Nf6 2. Nf3 b6 3. c4 e6 4. Nc3 Be7 5. e4 d5 6. e5 Ne4 7. Bd3 Nxc3 8. bxc3 h6 9. 0-0 0-0 10. Re1 Ba6 11. cxd5 Bxd3 12. Qxd3 exd5 13. e6 Qd6 14. exf7+ Rxf7 15. Ne5 Rf6 16. a4 Nd7 17. Ba3 c5 18. Rad1 Qc7 19. Nxd7 Qxd7 20. dxc5 Raf8 21. c6 Qg4 22. Bxe7 Rxf2 23. Qxd5+ 1-0